LEADER 01338nam--2200397---450- 001 990001134410203316 005 20050701125442.0 010 $a3-16-146580-6 035 $a000113441 035 $aUSA01000113441 035 $a(ALEPH)000113441USA01 035 $a000113441 100 $a20030306d1996----km-y0enga50------ba 101 0 $ager 102 $aDE 105 $ay|||z|||001yy 200 1 $aIndividuelle Freiheit und allgemeiner Wille$eBuchanans politische Ökonomie und die politische Philosophie$fvon Thomas Petersen 210 $aTübingen$cJ.C.B. Mohr (P. Siebeck)$d1996 215 $aXII, 280 p.$d24 cm 225 2 $a<> Einheit der Gesellschaftswissenschaften$v93 410 0$12001$a<> Einheit der Gesellschaftswissenschaften$v93 606 0 $aFilosofia politica 606 0 $aLibertà 676 $a320.01 700 1$aPETERSEN,$bThomas$0159784 801 0$aIT$bsalbc$gISBD 912 $a990001134410203316 951 $aII.1.D. 3265(IV C 3573)$b167574 L.M.$cIV C$d00097207 959 $aBK 969 $aUMA 979 $aMARIA$b10$c20030306$lUSA01$h0940 979 $aPATRY$b90$c20040406$lUSA01$h1718 979 $aRENATO$b90$c20041007$lUSA01$h1046 979 $aCOPAT3$b90$c20050701$lUSA01$h1254 996 $aIndividuelle Freiheit und allgemeiner Wille$9980243 997 $aUNISA LEADER 02065oam 2200517M 450 001 9910716592103321 005 20200213070631.5 035 $a(CKB)5470000002522230 035 $a(OCoLC)1066023896 035 $a(OCoLC)995470000002522230 035 $a(EXLCZ)995470000002522230 100 $a20071213d1927 ua 0 101 0 $aeng 135 $aurcn||||||||| 181 $ctxt$2rdacontent 182 $cc$2rdamedia 183 $acr$2rdacarrier 200 10$aAuthorizing the Secretary of War to exchange deteriorated and unserviceable ammunition and components. February 23, 1927. -- Committed to the Committee of the Whole House on the State of the Union and ordered to be printed 210 1$a[Washington, D.C.] :$c[U.S. Government Printing Office],$d1927. 215 $a1 online resource (3 pages) 225 1 $aHouse report / 69th Congress, 2nd session. House ;$vno. 2227 225 1 $a[United States congressional serial set] ;$v[serial no. 8689] 300 $aBatch processed record: Metadata reviewed, not verified. Some fields updated by batch processes. 300 $aFDLP item number not assigned. 606 $aAmmunition 606 $aUnexploded ordnance 606 $aManufactures$xDefects 606 $aLegislative amendments 606 $aGovernment auctions 606 $aFinance, Public 608 $aLegislative materials.$2lcgft 615 0$aAmmunition. 615 0$aUnexploded ordnance. 615 0$aManufactures$xDefects. 615 0$aLegislative amendments. 615 0$aGovernment auctions. 615 0$aFinance, Public. 701 $aWurzbach$b Harry McLeary$f1874-1931$pRepublican (TX)$01386829 801 0$bWYU 801 1$bWYU 801 2$bOCLCO 801 2$bOCLCQ 906 $aBOOK 912 $a9910716592103321 996 $aAuthorizing the Secretary of War to exchange deteriorated and unserviceable ammunition and components. February 23, 1927. -- Committed to the Committee of the Whole House on the State of the Union and ordered to be printed$93528776 997 $aUNINA LEADER 01960nam2 22004093i 450 001 LO10873490 005 20251003044213.0 100 $a20091204d1973 ||||0itac50 ba 101 | $aita 102 $ait 181 1$6z01$ai $bxxxe 182 1$6z01$an 200 1 $aˆLa ‰FIM. dal '69 al '73$e8. congresso nazionale FIM-CISL$eBergamo, 31 maggio-3 giugno 1973 210 $aRoma$cFIM-CISL$d1973 215 $a74 p.$cill.$d22 cm. 311 $a1973$9TO00053535 461 0$1001TO00053535$12001 $aQuaderni Fim-Cisl$eperiodico quadrimestrale della Fim-Cisl$v7 606 $aFederazione italiana metalmeccanici$x1969-1973$xCongressi$x1973$2FIR$3LO1C624172$9I 676 $a331.880945$9SINDACATI. Italia$v23 676 $a331.881710945$9SINDACATI. INDUSTRIA METALLURGICA. ITALIA$v20 676 $a331.881710945$9SINDACATI. Lavorazione dei metalli e prodotti metallici primari. Italia$v21 696 $aConvegni$aCongressi e convegni 699 $aCongressi$yConvegni 699 $aCongressi$yCongressi e convegni 710 02$aFederazione italiana metalmeccanici$3RAVV049318$4070$0313571 791 02$aFederazione impiegati operai metallurgici$3CFIV000984$yFederazione italiana metalmeccanici 791 02$aFIM CISL$3CFIV129343$zFederazione italiana metalmeccanici 791 02$aUnione italiana lavoratori metallurgici-Uil$3LO1V087070$yFederazione italiana metalmeccanici 791 02$aFim Fiom Uilm$3LO1V284507$yFederazione italiana metalmeccanici 791 02$aFIM$c $3RAVV049319$zFederazione italiana metalmeccanici 801 3$aIT$bIT-000000$c20091204 850 $aIT-BN0095 912 $aLO10873490 950 2$aBiblioteca Centralizzata di Ateneo$c1 v.$d 01POZZO LIB.F. SANTI 135$e 0101 0060028525E VMA 1 v. (Precedente collocazione S 108)$fB $h20221104$i20221104 977 $a 01 996 $aFIM. dal '69 al '73$92961470 997 $aUNISANNIO